| 000 | 01274nam a2200325 4500 | ||
|---|---|---|---|
| 003 | EG-GICUC | ||
| 005 | 20260122090354.0 | ||
| 008 | 251119s1956 ua ||||f |||| 00| 0 ara d | ||
| 017 | _a59/3962 | ||
| 040 |
_a EG-GICUC _bara _c EG-GICUC _d EG-GICUC _erda |
||
| 041 | _aara | ||
| 082 | 0 | 4 |
_221 _a345 _bع ز . ش |
| 092 | 0 | 4 | _221 |
| 099 | _aLaw1 07 345 ع ز . ش 1956 | ||
| 100 | 0 |
_aعزيز بشاي سيدهم _eمؤلف. |
|
| 245 |
_aشرح أحكام قانون العمد و المشايخ و قانون مباشرة الحقوق السياسية / _cدكتور عزيز بشاي سيدهم |
||
| 264 |
_aالقاهرة : _bدار نهضة مصر , _c1956. |
||
| 300 |
_a793 صفحة ; _c24 سم. |
||
| 336 |
_2rda content _atext |
||
| 337 |
_2rda media _aComputer |
||
| 338 |
_2rda carrier _aOnline Resource |
||
| 500 | _aيشتمل علي ارجاعات ببليوجرافية | ||
| 546 | _aالنص أغلبه باللغة العربية بعض النصوص الإنجليزية والفرنسية | ||
| 650 | 1 |
_aالقانون الإداري _2qrmak |
|
| 651 | 1 | _2qrmak | |
| 700 |
_aمحمد صالح عماشه _eمؤلف مشارك. |
||
| 856 | 4 | 0 | _uhttps://fll.law.cu.edu.eg/fulltext/bks/B07-01011.pdf |
| 905 |
_a74 _eYara |
||
| 942 |
_2ddc _n0 _cBK _e21 |
||
| 999 |
_c44843 _d44843 |
||